|
|
|
|
| LEADER |
00724nam a2200193 i 4500 |
| 001 |
c000028745 |
| 003 |
CARM |
| 005 |
00000000000000.0 |
| 008 |
850531s1956 ag 0 eng d |
| 019 |
1 |
|
|a 9254698
|5 LACONCORD2021
|
| 035 |
|
|
|a (OCoLC)689895
|5 LACONCORD2021
|
| 100 |
2 |
|
|a Martinez Estrada, Ezequiel,
|d 1895-1964.
|
| 245 |
1 |
0 |
|a Sabado de gloria /
|c Ezequiel Martinez Estrada.
|
| 260 |
|
|
|a Buenos Aires :
|b Editorial Nova,
|c 1956.
|
| 300 |
|
|
|a 121 p.
|
| 490 |
0 |
|
|a Coleccion imaginacion
|
| 852 |
8 |
|
|b CARM
|h A2:AE20G0
|i A00318
|p 0056629
|f BK
|
| 999 |
f |
f |
|i 96c3d31f-94ad-5227-b1bb-b415e88c1809
|s d99abe3a-424a-5c04-8ce3-39cad5745408
|
| 952 |
f |
f |
|p Can circulate
|a CAVAL
|b CAVAL
|c CAVAL
|d CARM 1 Store
|e A00318
|f A2:AE20G0
|h Other scheme
|i book
|m 0056629
|